<?xml version='1.0' encoding='UTF-8'?>
  <record xmlns="http://www.loc.gov/MARC21/slim">
    <leader>00000cam a22000007i 4500</leader>
    <controlfield tag="001">ocm43206162</controlfield>
    <controlfield tag="003">OCoLC</controlfield>
    <controlfield tag="005">20250616212635.7</controlfield>
    <controlfield tag="008">970702s1584    be            001 0 lat d</controlfield>
    <datafield tag="010" ind1=" " ind2=" ">
      <subfield code="a">   56000550 </subfield>
    </datafield>
    <datafield tag="040" ind1=" " ind2=" ">
      <subfield code="a">EQO</subfield>
      <subfield code="b">eng</subfield>
      <subfield code="e">rda</subfield>
      <subfield code="e">dcrmr</subfield>
      <subfield code="c">EQO</subfield>
      <subfield code="d">GZM</subfield>
      <subfield code="d">OCLCQ</subfield>
      <subfield code="d">UIU</subfield>
      <subfield code="d">OCLCG</subfield>
      <subfield code="d">ERN</subfield>
      <subfield code="d">OCLCA</subfield>
      <subfield code="d">OCLCQ</subfield>
      <subfield code="d">OCLCO</subfield>
      <subfield code="d">OCLCF</subfield>
      <subfield code="d">OCLCA</subfield>
      <subfield code="d">OCLCO</subfield>
      <subfield code="d">QGJ</subfield>
      <subfield code="d">OCLCO</subfield>
      <subfield code="d">OCLCL</subfield>
    </datafield>
    <datafield tag="029" ind1="1" ind2=" ">
      <subfield code="a">NZ1</subfield>
      <subfield code="b">1486842</subfield>
    </datafield>
    <datafield tag="035" ind1=" " ind2=" ">
      <subfield code="a">(OCoLC)43206162</subfield>
    </datafield>
    <datafield tag="043" ind1=" " ind2=" ">
      <subfield code="a">e-ie---</subfield>
    </datafield>
    <datafield tag="050" ind1="0" ind2="0">
      <subfield code="a">DA930</subfield>
      <subfield code="b">.S79</subfield>
    </datafield>
    <datafield tag="082" ind1="0" ind2="4">
      <subfield code="a">941.5</subfield>
      <subfield code="1">https://id.oclc.org/worldcat/ddc/E48Mgvxcd8DXm3JFkVdK3RkHyT</subfield>
    </datafield>
    <datafield tag="100" ind1="1" ind2=" ">
      <subfield code="a">Stanyhurst, Richard,</subfield>
      <subfield code="d">1547-1618,</subfield>
      <subfield code="e">author.</subfield>
      <subfield code="4">aut</subfield>
      <subfield code="1">https://id.oclc.org/worldcat/entity/E39PBJjCKw7dh4k6MQtJxbPCwC</subfield>
    </datafield>
    <datafield tag="245" ind1="1" ind2="0">
      <subfield code="a">Richardi Stanihursti Dubliniensis De rebus in Hibernia gestis, libri quattuor, /</subfield>
      <subfield code="c">Ad carissimum suum fratrem, clarissimumq́ue virum, P. Plunketum, Dominum Baronem Dunsaniae. Accessit his libris Hibernicarum rerum Appendix, ex Silvestro Giraldo Cambrensi peruetusto scriptore collecta ; Cum eiusdem Stanihursti adnotationibus.</subfield>
    </datafield>
    <datafield tag="246" ind1="3" ind2="0">
      <subfield code="a">De rebus in Hibernia gestis, libri quattuor</subfield>
    </datafield>
    <datafield tag="246" ind1="3" ind2="0">
      <subfield code="a">De rebvs in Hibernia gestis, libri qvattvor</subfield>
    </datafield>
    <datafield tag="246" ind1="1" ind2="7">
      <subfield code="a">De rebvs Hibernicis</subfield>
    </datafield>
    <datafield tag="246" ind1="1" ind2="7">
      <subfield code="a">De rebus Hibernicis</subfield>
    </datafield>
    <datafield tag="250" ind1=" " ind2=" ">
      <subfield code="a">Omnia nunc primùm in lucem edita.</subfield>
    </datafield>
    <datafield tag="264" ind1=" " ind2="1">
      <subfield code="a">Antverpiae, :</subfield>
      <subfield code="b">Apud Christophorum Plantinum.,</subfield>
      <subfield code="c">M.D.LXXXIIII. [1584]</subfield>
    </datafield>
    <datafield tag="300" ind1=" " ind2=" ">
      <subfield code="a">264, 8 unnumbered pages ;</subfield>
      <subfield code="c">22 cm (4to)</subfield>
    </datafield>
    <datafield tag="336" ind1=" " ind2=" ">
      <subfield code="a">text</subfield>
      <subfield code="b">txt</subfield>
      <subfield code="2">rdacontent</subfield>
    </datafield>
    <datafield tag="337" ind1=" " ind2=" ">
      <subfield code="a">unmediated</subfield>
      <subfield code="b">n</subfield>
      <subfield code="2">rdamedia</subfield>
    </datafield>
    <datafield tag="338" ind1=" " ind2=" ">
      <subfield code="a">volume</subfield>
      <subfield code="b">nc</subfield>
      <subfield code="2">rdacarrier</subfield>
    </datafield>
    <datafield tag="340" ind1=" " ind2=" ">
      <subfield code="m">4to</subfield>
      <subfield code="2">rdabf</subfield>
    </datafield>
    <datafield tag="500" ind1=" " ind2=" ">
      <subfield code="a">Final leaf: Errata and privileges.</subfield>
    </datafield>
    <datafield tag="500" ind1=" " ind2=" ">
      <subfield code="a">Includes index.</subfield>
    </datafield>
    <datafield tag="500" ind1=" " ind2=" ">
      <subfield code="a">Printed marginal notations.</subfield>
    </datafield>
    <datafield tag="500" ind1=" " ind2=" ">
      <subfield code="a">Woodcut printer's device with motto "Labore et constansia" on the title page.</subfield>
    </datafield>
    <datafield tag="500" ind1=" " ind2=" ">
      <subfield code="a">Signatures: A-Z⁴ a-l⁴.</subfield>
    </datafield>
    <datafield tag="500" ind1=" " ind2=" ">
      <subfield code="a">Woodcut and bold initials.</subfield>
    </datafield>
    <datafield tag="500" ind1=" " ind2=" ">
      <subfield code="a">Paging error: page 69 numbered 68.</subfield>
    </datafield>
    <datafield tag="510" ind1="4" ind2=" ">
      <subfield code="a">Voet, L. Plantin Press, 1555-1589,</subfield>
      <subfield code="c">2228B</subfield>
    </datafield>
    <datafield tag="510" ind1="4" ind2=" ">
      <subfield code="a">Valkema Blouw, P. Typographia Batava, 1541-1600,</subfield>
      <subfield code="c">4716</subfield>
    </datafield>
    <datafield tag="510" ind1="4" ind2=" ">
      <subfield code="a">Cockx-Indestege, E. Belgica typographica, 1541-1600,</subfield>
      <subfield code="c">4405</subfield>
    </datafield>
    <datafield tag="510" ind1="4" ind2=" ">
      <subfield code="a">Adams, H.M. Catalogue of books printed on the continent of Europe, 1501-1600, in Cambridge libraries,</subfield>
      <subfield code="c">S 1613</subfield>
    </datafield>
    <datafield tag="651" ind1=" " ind2="0">
      <subfield code="a">Ireland</subfield>
      <subfield code="x">History</subfield>
      <subfield code="y">To 1172</subfield>
      <subfield code="v">Early works to 1800.</subfield>
    </datafield>
    <datafield tag="651" ind1=" " ind2="0">
      <subfield code="a">Ireland</subfield>
      <subfield code="x">History</subfield>
      <subfield code="v">Early works to 1800.</subfield>
    </datafield>
    <datafield tag="651" ind1=" " ind2="6">
      <subfield code="a">Irlande</subfield>
      <subfield code="x">Histoire</subfield>
      <subfield code="v">Ouvrages avant 1800.</subfield>
    </datafield>
    <datafield tag="651" ind1=" " ind2="6">
      <subfield code="a">Irlande</subfield>
      <subfield code="x">Histoire</subfield>
      <subfield code="y">Jusqu'à 1172</subfield>
      <subfield code="v">Ouvrages avant 1800.</subfield>
    </datafield>
    <datafield tag="651" ind1=" " ind2="7">
      <subfield code="a">Ireland</subfield>
      <subfield code="2">fast</subfield>
      <subfield code="1">https://id.oclc.org/worldcat/entity/E39PBJqvXDFC7pX6tHkq6DX68C</subfield>
    </datafield>
    <datafield tag="655" ind1=" " ind2="7">
      <subfield code="a">Early works</subfield>
      <subfield code="2">fast</subfield>
    </datafield>
    <datafield tag="655" ind1=" " ind2="7">
      <subfield code="a">History</subfield>
      <subfield code="2">fast</subfield>
    </datafield>
    <datafield tag="700" ind1="1" ind2=" ">
      <subfield code="a">Plantin, Christophe,</subfield>
      <subfield code="d">approximately 1520-1589,</subfield>
      <subfield code="e">printer.</subfield>
      <subfield code="4">prt</subfield>
      <subfield code="1">https://id.oclc.org/worldcat/entity/E39PBJwhwdjTVmYQVcVrFbhCQq</subfield>
    </datafield>
    <datafield tag="700" ind1="0" ind2="2">
      <subfield code="a">Giraldus,</subfield>
      <subfield code="c">Cambrensis,</subfield>
      <subfield code="d">1146?-1223?</subfield>
      <subfield code="t">Topographia Hibernica.</subfield>
    </datafield>
    <datafield tag="700" ind1="1" ind2=" ">
      <subfield code="a">Dunsany, Patrick Plunkett,</subfield>
      <subfield code="c">Lord,</subfield>
      <subfield code="d">-1601 or 1602,</subfield>
      <subfield code="e">dedicatee.</subfield>
      <subfield code="4">dte</subfield>
    </datafield>
    <datafield tag="700" ind1="0" ind2=" ">
      <subfield code="a">Henry</subfield>
      <subfield code="b">III,</subfield>
      <subfield code="c">King of France,</subfield>
      <subfield code="d">1551-1589,</subfield>
      <subfield code="e">censor.</subfield>
      <subfield code="4">cns</subfield>
      <subfield code="1">https://id.oclc.org/worldcat/entity/E39PBJrKPpRV4DyWvcMMGPR3Qq</subfield>
    </datafield>
    <datafield tag="700" ind1="0" ind2=" ">
      <subfield code="a">Maximilian</subfield>
      <subfield code="b">II,</subfield>
      <subfield code="c">Holy Roman Emperor,</subfield>
      <subfield code="d">1527-1576,</subfield>
      <subfield code="e">censor.</subfield>
      <subfield code="4">cns</subfield>
      <subfield code="1">https://id.oclc.org/worldcat/entity/E39PBJppC76796dVYgjk8CV6Kd</subfield>
    </datafield>
    <datafield tag="752" ind1=" " ind2=" ">
      <subfield code="a">Belgium</subfield>
      <subfield code="d">Antwerp,</subfield>
      <subfield code="e">publication place.</subfield>
      <subfield code="4">pup</subfield>
    </datafield>
    <datafield tag="758" ind1=" " ind2=" ">
      <subfield code="i">has work:</subfield>
      <subfield code="a">Richardi Stanihursti Dubliniensis De rebus in Hibernia gestis, libri quattuor (Text)</subfield>
      <subfield code="1">https://id.oclc.org/worldcat/entity/E39PCGw3pqJTCdcgwp9qQmrwYd</subfield>
      <subfield code="4">https://id.oclc.org/worldcat/ontology/hasWork</subfield>
    </datafield>
  </record>